El Círculo de Praga

Tallennettuna:
Bibliografiset tiedot
Päätekijät: Trnka, B (Tekijä), Mathesius, V (Tekijä), Trubetzkoy, N. S (Tekijä), Vachek, J (Tekijä), Jacobson, R (Tekijä)
Aineistotyyppi: Kirja
Kieli:espanja
Julkaistu: Barcelona Anagrama 1971
Sarja:Colección Argumentos, 21
Aiheet:
Tagit: Lisää tagi
Ei tageja, Lisää ensimmäinen tagi!

MARC

LEADER 00000nam a2200000 a 4500
001 UCJ2891
003 CL-VaPUC
008 070119e19710000SP |||||||||||||||||spa|d
082 0 4 |a 410.9  |b TRN  |2 21 
100 0 |a Trnka, B  |e author  |9 503934 
700 0 |a Mathesius, V  |e author  |9 503935 
700 0 |a Trubetzkoy, N. S  |e author  |9 503936 
700 0 |a Vachek, J  |e author  |9 503937 
700 0 |a Jacobson, R  |e author  |9 503938 
245 1 3 |a El Círculo de Praga 
300 |a 129 p 
942 |c BK 
945 |d 20070119 00:00:00  |a jtorresc 
260 |a Barcelona  |b Anagrama  |c 1971 
500 |a Donación de la Dra. Marianne Peronard Thierry 
650 7 |a CIRCULO LINGUISTICO DE PRAGA  |2 CL-VaPUC  |9 503939 
650 7 |a LINGUISTICA ESTRUCTURAL  |2 CL-VaPUC  |9 269255 
650 0 |a Fonología   |9 341074 
650 7 |a MORFOLOGIA ESTRUCTURAL  |2 CL-VaPUC  |9 503940 
583 |a last modification  |c 20070119 00:00:00  |k Rodrigo Vera 
490 0 |a Colección Argumentos, 21 
999 |c 319020  |d 319018 
952 |0 0  |1 0  |4 0  |6 410_900000000000000_TRN_1971  |7 0  |8 A  |9 397250  |a FDOPOS  |b FDOPOS  |d 2019-11-22  |i 4318684  |o 410.9 TRN 1971  |p 4318684  |r 2025-01-22  |w 2019-11-22  |y BK  |k MLA